Languages Most Similar to French - Statistics

General Stats
  • This quiz has been taken 481 times
    190 since last reset
  • The average score is 7 of 10
Answer Stats
Index Language % Correct
24,1 Italian
98%
37,1 Spanish
98%
48,7 English
93%
34,3 Portuguese
89%
41,4 Romanian
77%
21,1 Catalan
71%
33,5 Latin
57%
29,4 Romansh
54%
37,0 Haitian Creole
41%
47,9 Danish
25%
No matching quizzes found
Score Distribution
Percent of People with Each Score
Percentile by Number Answered
Your Score History
You have not taken this quiz since the last reset